00440nam a2200145 a 450000500170000000800410001702000180005805000260007610000200010224500480012226000400017030000110021052000490022165000240027020140412111335.0041026s19uu xx 00 eng d a0-590-40836-4 aM 808.81bP915Ne 1984 aPrelitsky, Jack aThe New kid on the block /cJack Prelitsky. aNew York :bScholastic Inc.,c1984. a159 p. aThere are 106 more funny poems in this book! aCollection of poems